Resúmenes del II Congreso de Biodiversidad Caribeña / (Registro nro. 16122)
[ vista simple ]
| 000 -CABECERA | |
|---|---|
| campo de control de longitud fija | 00645nam a2200181 a 4500 |
| 001 - NÚMERO DE CONTROL | |
| campo de control | 000016589 |
| 005 - FECHA Y HORA DE LA ÚLTIMA TRANSACCIÓN | |
| campo de control | 20240307073946.0 |
| 008 - DATOS DE LONGITUD FIJA--INFORMACIÓN GENERAL | |
| campo de control de longitud fija | 100308s1996 dr 000 0 spa d |
| 040 ## - FUENTE DE LA CATALOGACIÓN | |
| Centro catalogador/agencia de origen | DO-SdBNP |
| Lengua de catalogación | spa |
| Centro/agencia transcriptor | BNPHU |
| 082 ## - NÚMERO DE LA CLASIFICACIÓN DECIMAL DEWEY | |
| Número de clasificación | xxx |
| Número de documento/Ítem | C749 |
| 049 ## - FONDOS LOCALES (OCLC) | |
| Fondos de biblioteca | BNPD |
| 111 1# - ENTRADA PRINCIPAL--NOMBRE DE CONGRESO/REUNIÓN | |
| Nombre de congreso/reunión o jurisdicción como elemento de entrada | Congreso de biodiversidad caribeña |
| Número del congreso/reunión o número de parte o sección | (2 : |
| Fecha del congreso/reunión | 1991 ene. 14-17 : |
| Sede del congreso/Lugar de la reunión | Santo Domingo) |
| 9 (RLIN) | 36881 |
| 245 10 - MENCIÓN DE TÍTULO | |
| Título | Resúmenes del II Congreso de Biodiversidad Caribeña / |
| Mención de responsabilidad, etc. | Presentación Roberto Santana Sánchez. |
| 260 ## - PUBLICACIÓN, DISTRIBUCIÓN, ETC. | |
| Lugar de publicación, distribución, etc. | Santo Domingo : |
| Nombre del editor, distribuidor, etc. | UASD, |
| Fecha de publicación, distribución, etc. | 1996. |
| 300 ## - DESCRIPCIÓN FÍSICA | |
| Extensión | 80 P. ; |
| Dimensiones | 28 cm. |
| 700 1# - PUNTO DE ACCESO ADICIONAL--NOMBRE DE PERSONA | |
| Nombre de persona | Santana Sánchez, Roberto |
| 9 (RLIN) | 36882 |
| 710 1# - PUNTO DE ACCESO ADICIONAL--NOMBRE DE ENTIDAD CORPORATIVA | |
| Nombre de entidad corporativa o nombre de jurisdicción como elemento de entrada | Universidad Autónoma de Santo Domingo |
| 9 (RLIN) | 72951 |
| Estado de retiro | Estado de pérdida | No para préstamo | Código de colección | Localización permanente | Ubicación/localización actual | Ubicación en estantería | Fecha de adquisición | Número de inventario | Total de préstamos | Signatura topográfica completa | Código de barras | Fecha visto por última vez | Precio válido a partir de | Tipo de ítem Koha |
|---|---|---|---|---|---|---|---|---|---|---|---|---|---|---|
| Excluido de préstamo | Patrimonio Dominicano | Patrimonio Dominicano | Patrimonio Dominicano | En catalogación | 08.03.2010 | LF1 | xxx C749 | 16589-10 | 25.06.2020 | 25.06.2020 | Libro y Folleto Colección Patrimonio Dominicano |
